[Event "EU-ch Rapid"]
[Site "Katowice"]
[Date "2022.12.18"]
[Round "9"]
[White "Castiglione, Mario"]
[Black "Warchol, Kamil"]
[Result "1/2-1/2"]
[WhiteElo "2247"]
[BlackElo "2164"]
[PlyCount "243"]
[EventDate "2022.12.17"]
[EventType "swiss (rapid)"]
[EventRounds "11"]
[EventCountry "POL"]
[SourceTitle "CBM 211 Extra"]
[Source "ChessBase"]
[SourceDate "2023.01.31"]
[SourceVersion "1"]
[SourceVersionDate "2023.01.31"]
[SourceQuality "1"]

1. b3 d5 2. Bb2 Nf6 3. Bxf6 gxf6 4. e3 c5 5. Nf3 Nc6 6. Bb5 Rg8 7. 0-0 Qc7 8. Nc3 Be6 9. e4 dxe4 10. Nxe4 a6 11. Bc4 Bxc4 12. bxc4 Nd8 13. Re1 Ne6 14. Nc3 Qd6 15. Nd5 Nf4 16. Nxf4 Qxf4 17. d3 0-0-0 18. Qe2 e6 19. Qe4 Bd6 20. Rab1 Qxe4 21. dxe4 Bc7 22. Rbd1 h6 23. h3 Ba5 24. Rf1 Bc7 25. Rd3 Rd7 26. Rfd1 Rgd8 27. g3 Rd6 28. Kf1 Rb6 29. Rxd8+ Bxd8 30. c3 Rb2 31. Rd2 Rb1+ 32. Ke2 Rc1 33. Kd3 Bc7 34. Rc2 Rd1+ 35. Ke2 Rh1 36. h4 Ra1 37. Nd2 b6 38. Nb3 Rb1 39. Nd2 Ra1 40. Nf1 Kd7 41. Ne3 h5 42. Rd2+ Kc6 43. Nc2 Rc1 44. Kd3 b5 45. Ne3 Ra1 46. Ke2 Rc1 47. Kd3 Ra1 48. Nc2 Rc1 49. a3 Ba5 50. Re2 Rd1+ 51. Rd2 Rb1 52. cxb5+ axb5 53. Ne3 Rb3 54. Rc2 Rxa3 55. g4 Ra1 56. gxh5 Rh1 57. Ng2 Rh3+ 58. Kd2 Bc7 59. h6 f5 60. f4 fxe4 61. h7 Bxf4+ 62. Nxf4 Rxh4 63. Ke3 Rxh7 64. Kxe4 Rg7 65. Ra2 Kb6 66. Ra8 Rg3 67. Ne2 Rg4+ 68. Kd3 f5 69. Rb8+ Kc6 70. Rc8+ Kd6 71. Ra8 b4 72. c4 Rh4 73. Ra6+ Kd7 74. Rb6 Rh3+ 75. Kd2 Rh4 76. Kd3 Rh3+ 77. Kc2 Rh2 78. Kd2 Rh4 79. Nc1 Rxc4 80. Nd3 Ke7 81. Rc6 b3 82. Rb6 Rd4 83. Kc3 Rd5 84. Nf4 Rd6 85. Ng6+ Kd7 86. Rb7+ Kc6 87. Rxb3 Kd5 88. Rb5 Kc6 89. Rb8 Kd5 90. Rc8 Ra6 91. Ne7+ Kd6 92. Ng6 Kd5 93. Rd8+ Ke4 94. Rf8 Kd5 95. Nf4+ Ke4 96. Nh5 e5 97. Ng3+ Kd5 98. Nxf5 Ra3+ 99. Kd2 Ra2+ 100. Ke3 Ra3+ 101. Kf2 Ra2+ 102. Kf3 Ra3+ 103. Ne3+ Ke6 104. Re8+ Kd6 105. Ke4 Ra4+ 106. Kd3 Ra3+ 107. Kd2 Ra2+ 108. Kd3 Ra3+ 109. Ke2 Ra4 110. Nf5+ Kd5 111. Rd8+ Kc4 112. Ke3 Kc3 113. Nd6 c4 114. Ne4+ Kc2 115. Rd2+ Kc1 116. Ke2 Ra3 117. Rd1+ Kc2 118. Nf2 c3 119. Nd3 e4 120. Rc1+ Kb3 121. Rb1+ Ka2 122. Rc1 1/2-1/2

[Event "SVK-chT 2122"]
[Site "Slovakia"]
[Date "2021.10.23"]
[Round "1.1"]
[White "Castiglione, Mario"]
[Black "Lipka, Juraj"]
[Result "1-0"]
[WhiteElo "2247"]
[BlackElo "2407"]
[PlyCount "55"]
[EventDate "2021.10.23"]
[EventType "team-tourn"]
[EventRounds "11"]
[EventCountry "SVK"]
[SourceTitle "CBM 204 Extra"]
[Source "ChessBase"]
[SourceDate "2021.11.30"]
[SourceVersion "1"]
[SourceVersionDate "2021.11.30"]
[SourceQuality "1"]
[WhiteTeam "Bratislava Slovan"]
[BlackTeam "Modra"]
[WhiteTeamCountry "SVK"]
[BlackTeamCountry "SVK"]

1. e4 e6 2. d4 d5 3. e5 c5 4. c3 Nc6 5. Nf3 Bd7 6. Na3 Qb6 7. Nc2 cxd4 8. cxd4 Nb4 9. Nxb4 Bxb4+ 10. Bd2 Ne7 11. Bxb4 Qxb4+ 12. Qd2 Qxd2+ 13. Kxd2 f6 14. Rc1 Nc6 15. Bb5 Na5 16. b4 Bxb5 17. bxa5 Bc4 18. Rb1 b6 19. Rhe1 Kd7 20. axb6 axb6 21. Rxb6 Rxa2+ 22. Ke3 Ra3+ 23. Kf4 g5+ 24. Kg3 f5 25. Rb7+ Kc6 26. Reb1 Ra6 27. Nxg5 Rg8 28. Kh4 1-0

[Event "SVK-chT 1819"]
[Site "Slovakia"]
[Date "2018.11.11"]
[Round "2.3"]
[White "Kukel, Imre1111"]
[Black "Castiglione, Mario"]
[Result "0-1"]
[WhiteElo "2295"]
[BlackElo "2239"]
[PlyCount "76"]
[EventDate "2018.11.10"]
[EventType "team-tourn"]
[EventRounds "11"]
[EventCountry "SVK"]
[SourceTitle "CBM 187 Extra"]
[Source "ChessBase"]
[SourceDate "2018.11.04"]
[SourceVersion "1"]
[SourceVersionDate "2018.11.04"]
[SourceQuality "1"]
[WhiteTeam "Komarno"]
[BlackTeam "Bratislava Slovan"]
[WhiteTeamCountry "SVK"]
[BlackTeamCountry "SVK"]

1. e4 c5 2. Nf3 d6 3. d4 cxd4 4. Nxd4 Nf6 5. Nc3 a6 6. Be3 Ng4 7. Bc1 Nf6 8. f3 e6 9. Be3 Qb6 10. Qd3 Qxb2 11. Nb3 Qa3 12. Be2 Nc6 13. 0-0 Bd7 14. g4 Nb4 15. Qd2 Qb2 16. g5 Ng8 17. Rfc1 Rc8 18. Bd4 e5 19. Nd1 Qa3 20. Bb2 Qa4 21. Ne3 h6 22. a3 Nc6 23. Nd5 Nce7 24. Nb6 Qc6 25. Nxc8 Qxc8 26. Qxd6 Ng6 27. Qd2 Bc5+ 28. Kh1 hxg5 29. Qxg5 Be7 30. Qd2 Bc6 31. Bf1 Rh5 32. Re1 Bg5 33. Qd6 Bf4 34. Re2 Nf6 35. Rd1 Ng4 36. fxg4 Bxe4+ 37. Rxe4 Rxh2+ 38. Kg1 Qxg4+ 0-1

[Event "SVK-chT2A 1718"]
[Site "Slovakia"]
[Date "2018.02.04"]
[Round "7.1"]
[White "Castiglione, Mario"]
[Black "Puskar, Peter"]
[Result "1/2-1/2"]
[WhiteElo "2244"]
[BlackElo "2188"]
[PlyCount "35"]
[EventDate "2017.10.28"]
[EventType "team-tourn"]
[EventRounds "11"]
[EventCountry "SVK"]
[SourceTitle "EXT 2019"]
[Source "ChessBase"]
[SourceDate "2018.10.10"]
[SourceVersion "1"]
[SourceVersionDate "2018.10.10"]
[SourceQuality "1"]
[WhiteTeam "Gbely Nafta"]
[BlackTeam "Trnava Lokomotiva II"]
[WhiteTeamCountry "SVK"]
[BlackTeamCountry "SVK"]

1. e4 c5 2. Nf3 d6 3. Bb5+ Nd7 4. c3 Ngf6 5. Qe2 e6 6. d4 a6 7. Bd3 Qc7 8. e5 Nd5 9. 0-0 cxd4 10. cxd4 dxe5 11. dxe5 b5 12. Nc3 Bb7 13. Bd2 Nc5 14. Nxd5 Bxd5 15. Rac1 Qb7 16. Rfd1 Nxd3 17. Qxd3 Be7 18. Ne1 1/2-1/2

[Event "SVK-chT1W 1718"]
[Site "Slovakia"]
[Date "2017.10.21"]
[Round "1.3"]
[White "Castiglione, Mario"]
[Black "Nagy, Tomas"]
[Result "0-1"]
[WhiteElo "2234"]
[BlackElo "2219"]
[PlyCount "68"]
[EventDate "2017.10.21"]
[EventType "team-tourn"]
[EventRounds "11"]
[EventCountry "SVK"]
[SourceTitle "CBM 181 Extra"]
[Source "ChessBase"]
[SourceDate "2017.12.12"]
[SourceVersion "1"]
[SourceVersionDate "2017.12.12"]
[SourceQuality "1"]
[WhiteTeam "Bratislava Slovan III"]
[BlackTeam "Trnava Sered"]
[WhiteTeamCountry "SVK"]
[BlackTeamCountry "SVK"]

1. c4 e5 2. Nc3 Nf6 3. Nf3 Nc6 4. d4 exd4 5. Nxd4 Bb4 6. Bg5 0-0 7. e3 Re8 8. Be2 h6 9. Bh4 Ne5 10. 0-0 Bxc3 11. bxc3 Ng6 12. Bxf6 Qxf6 13. Nb5 Qd8 14. c5 a6 15. Qa4 Re5 16. Qa3 Rb8 17. Rfd1 Qe7 18. Nxc7 Rxc5 19. Ne8 d5 20. c4 Bd7 21. Nxg7 Kxg7 22. cxd5 Rc2 23. Qd3 Rbc8 24. Bf3 Ne5 25. Qe4 Qf6 26. h3 R8c4 27. Rd4 Rxd4 28. exd4 Nxf3+ 29. gxf3 Rd2 30. Kh1 Qf5 31. Rg1+ Kh7 32. Rg3 Qxe4 33. fxe4 Rxd4 34. f3 f5 0-1

[Event "SVK-chT1W 1617"]
[Site "Slovakia"]
[Date "2017.03.18"]
[Round "10.2"]
[White "Castiglione, Mario"]
[Black "Vass, Frantisek"]
[Result "0-1"]
[WhiteElo "2222"]
[BlackElo "2321"]
[PlyCount "60"]
[EventDate "2016.10.15"]
[EventType "team-tourn"]
[EventRounds "11"]
[EventCountry "SVK"]
[SourceTitle "EXT 2019"]
[Source "ChessBase"]
[SourceDate "2018.10.10"]
[SourceVersion "1"]
[SourceVersionDate "2018.10.10"]
[SourceQuality "1"]
[WhiteTeam "Bratislava Slovan III"]
[BlackTeam "Podhajska Termal"]
[WhiteTeamCountry "SVK"]
[BlackTeamCountry "SVK"]

1. e4 e6 2. d4 d5 3. e5 c5 4. c3 Bd7 5. dxc5 Bxc5 6. Qg4 Bf8 7. Nf3 Qb6 8. Nbd2 Nh6 9. Qf4 Bc5 10. Nd4 Bxd4 11. Qxd4 Qxd4 12. cxd4 Nc6 13. Nf3 Nf5 14. Be3 Nb4 15. Kd2 Rc8 16. a3 Nc6 17. b4 f6 18. exf6 gxf6 19. Rc1 a6 20. b5 axb5 21. Bxb5 Ra8 22. a4 Na5 23. Rc7 Bxb5 24. axb5 Nc4+ 25. Ke2 Ra2+ 26. Kd3 0-0 27. Rxb7 Rfa8 28. Rc1 e5 29. dxe5 fxe5 30. Ng5 Nfxe3 0-1

[Event "SVK-chT1W 1617"]
[Site "Slovakia"]
[Date "2017.01.22"]
[Round "7.2"]
[White "Castiglione, Mario"]
[Black "Karas, Marek"]
[Result "1-0"]
[WhiteElo "2222"]
[BlackElo "2245"]
[PlyCount "53"]
[EventDate "2016.10.15"]
[EventType "team-tourn"]
[EventRounds "11"]
[EventCountry "SVK"]
[SourceTitle "EXT 2018"]
[Source "ChessBase"]
[SourceDate "2017.10.13"]
[SourceVersion "1"]
[SourceVersionDate "2017.10.13"]
[SourceQuality "1"]
[WhiteTeam "Bratislava Slovan III"]
[BlackTeam "Bratislava KSN"]
[WhiteTeamCountry "SVK"]
[BlackTeamCountry "SVK"]

1. e4 Nc6 2. d4 d5 3. Nc3 e6 4. Bb5 Nf6 5. Bg5 Be7 6. e5 Nd7 7. Bxe7 Qxe7 8. Nf3 a6 9. Bxc6 bxc6 10. 0-0 0-0 11. Na4 c5 12. dxc5 Nxc5 13. Nxc5 Qxc5 14. c3 Qb6 15. b4 a5 16. a3 c5 17. Rb1 axb4 18. axb4 Bd7 19. Qd2 Ra3 20. Rfc1 Bc6 21. bxc5 Qxc5 22. Rb4 Rc8 23. Rg4 Be8 24. Qh6 g6 25. Ng5 Rxc3 26. Qxh7+ Kf8 27. Nxe6+ 1-0

[Event "SVK-chT1W 1617"]
[Site "Slovakia"]
[Date "2016.12.11"]
[Round "6.3"]
[White "Castiglione, Mario"]
[Black "Dujava, Daniel1111"]
[Result "1-0"]
[WhiteElo "2222"]
[BlackElo "2113"]
[PlyCount "79"]
[EventDate "2016.10.15"]
[EventType "team-tourn"]
[EventRounds "11"]
[EventCountry "SVK"]
[SourceTitle "EXT 2018"]
[Source "ChessBase"]
[SourceDate "2017.10.13"]
[SourceVersion "1"]
[SourceVersionDate "2017.10.13"]
[SourceQuality "1"]
[WhiteTeam "Bratislava Slovan III"]
[BlackTeam "Bratislava Lokomotiva"]
[WhiteTeamCountry "SVK"]
[BlackTeamCountry "SVK"]

1. Nf3 Nf6 2. c4 b6 3. Nc3 Bb7 4. d4 e6 5. a3 d5 6. Bg5 Be7 7. e3 0-0 8. Qc2 Nbd7 9. Rd1 h6 10. Bh4 Ne4 11. Bxe7 Qxe7 12. Nxe4 dxe4 13. Nd2 f5 14. Be2 Qg5 15. g3 Rad8 16. Qc3 Qe7 17. Nb3 Nf6 18. Qb4 Qf7 19. Qa4 a5 20. Qb5 Kh8 21. Rd2 Rd6 22. Nxa5 bxa5 23. Qxb7 Rb6 24. Qa7 Rfb8 25. Qxa5 Rxb2 26. 0-0 h5 27. h4 Ng4 28. Bxg4 hxg4 29. Rxb2 Rxb2 30. Qe5 Ra2 31. Rb1 Qd7 32. Qa5 Qe7 33. c5 e5 34. Rb8+ Kh7 35. Qa8 exd4 36. Rh8+ Kg6 37. Qc6+ Qf6 38. Qe8+ Qf7 39. h5+ Kf6 40. Rf8 1-0

[Event "SVK-chT3A2 1617"]
[Site "Slovakia"]
[Date "2016.11.27"]
[Round "4.4"]
[White "Sarmir, Milos"]
[Black "Castiglione, Mario"]
[Result "0-1"]
[WhiteElo "2028"]
[BlackElo "2208"]
[PlyCount "114"]
[EventDate "2016.10.16"]
[EventType "team-tourn"]
[EventRounds "11"]
[EventCountry "SVK"]
[SourceTitle "EXT 2020"]
[Source "ChessBase"]
[SourceDate "2019.10.17"]
[SourceVersion "1"]
[SourceVersionDate "2019.10.17"]
[SourceQuality "1"]
[WhiteTeam "Cifer"]
[BlackTeam "Gbely Nafta"]
[WhiteTeamCountry "SVK"]
[BlackTeamCountry "SVK"]

1. e4 e5 2. Nf3 Nc6 3. Bb5 f5 4. d3 fxe4 5. dxe4 Nf6 6. 0-0 Bc5 7. Bg5 Nd4 8. Bc4 d6 9. c3 Ne6 10. Nbd2 h6 11. Bh4 g5 12. Bg3 Qe7 13. b4 Bb6 14. a4 a6 15. h4 Nh5 16. Nxe5 Nxg3 17. Ng6 Qf6 18. Nxh8 Nxf1 19. Qh5+ Kd8 20. Rxf1 Qxh8 21. Bxe6 Bxe6 22. hxg5 Kd7 23. gxh6 Rg8 24. Nf3 Bg4 25. Qf7+ Kc8 26. Nh4 Rf8 27. Qg6 Be2 28. a5 Bxf1 29. axb6 Bc4 30. Qg4+ Kb8 31. bxc7+ Kxc7 32. e5 Bf7 33. exd6+ Kb8 34. Qf4 Be6 35. Qd2 Qh7 36. Nf3 Rh8 37. d7 Bxd7 38. Ne5 Bc8 39. Qd6+ Ka8 40. Nc4 Qb1+ 41. Kh2 Qf5 42. f3 Qe6 43. Nb6+ Ka7 44. Nxc8+ Qxc8 45. Qf6 Qc7+ 46. Kh3 Qh7 47. g4 Qxh6+ 48. Qxh6 Rxh6+ 49. Kg3 b6 50. g5 Rh8 51. f4 a5 52. bxa5 bxa5 53. g6 a4 54. f5 a3 55. g7 Rg8 56. f6 a2 57. Kh4 a1Q 0-1

[Event "SVK-chT1W 1516"]
[Site "Slovakia"]
[Date "2016.03.19"]
[Round "10.6"]
[White "Sukuba, Zdeno"]
[Black "Castiglione, Mario"]
[Result "1-0"]
[WhiteElo "2112"]
[BlackElo "2203"]
[PlyCount "87"]
[EventDate "2015.10.24"]
[EventType "team-tourn"]
[EventRounds "11"]
[EventCountry "SVK"]
[SourceTitle "EXT 2017"]
[Source "ChessBase"]
[SourceDate "2016.10.25"]
[SourceVersion "1"]
[SourceVersionDate "2016.10.25"]
[SourceQuality "1"]
[WhiteTeam "Dubnica nad Vahom"]
[BlackTeam "Bratislava Slovan III"]
[WhiteTeamCountry "SVK"]
[BlackTeamCountry "SVK"]

1. c4 e5 2. Nc3 Nf6 3. g3 c6 4. Bg2 d5 5. cxd5 cxd5 6. Qb3 Nc6 7. d3 d4 8. Nb1 Bd6 9. Nd2 0-0 10. Ngf3 Be6 11. Qd1 Rc8 12. Ng5 Bd5 13. 0-0 Bxg2 14. Kxg2 Bb8 15. Qb3 Na5 16. Qa4 Nd5 17. Ngf3 a6 18. Nc4 Nxc4 19. dxc4 Nb6 20. Qb3 e4 21. Nxd4 Nxc4 22. Be3 Na5 23. Qd1 Qf6 24. Rc1 Be5 25. Qa4 b6 26. b4 Rxc1 27. Rxc1 Bxd4 28. bxa5 Bxe3 29. fxe3 Qg5 30. axb6 Qxe3 31. Rc2 Qxb6 32. Qxe4 g6 33. Rc6 Qb5 34. Qc4 Qf5 35. Qd3 Qg4 36. Qc4 Qd7 37. Rxa6 Rc8 38. Qe4 Rc1 39. Ra8+ Kg7 40. Qe5+ f6 41. Qe4 Qc7 42. Re8 Qb6 43. Re7+ Kf8 44. Rxh7 1-0

[Event "SVK-chT1W 1516"]
[Site "Slovakia"]
[Date "2015.11.15"]
[Round "4.4"]
[White "Spacek, Oliver"]
[Black "Castiglione, Mario"]
[Result "1-0"]
[WhiteElo "2104"]
[BlackElo "2203"]
[PlyCount "57"]
[EventDate "2015.10.24"]
[EventType "team-tourn"]
[EventRounds "11"]
[EventCountry "SVK"]
[SourceTitle "CBM 170 Extra"]
[Source "ChessBase"]
[SourceDate "2016.02.25"]
[SourceVersion "1"]
[SourceVersionDate "2016.02.25"]
[SourceQuality "1"]
[WhiteTeam "Osuske"]
[BlackTeam "Bratislava Slovan III"]
[WhiteTeamCountry "SVK"]
[BlackTeamCountry "SVK"]

1. d4 Nf6 2. Nf3 a6 3. Nbd2 d5 4. e3 Bg4 5. c4 c6 6. h3 Bxf3 7. Qxf3 g6 8. Be2 Bg7 9. 0-0 0-0 10. b3 e5 11. dxe5 Nfd7 12. Bb2 Nxe5 13. Bxe5 Bxe5 14. Rad1 Qa5 15. cxd5 cxd5 16. e4 Bc3 17. Nb1 Bg7 18. exd5 Qxa2 19. Nd2 Nd7 20. Nc4 b5 21. Rd2 Ne5 22. Qg3 Qxd2 23. Nxd2 Rfd8 24. Bf3 Rac8 25. Re1 Nd3 26. Re3 Rc3 27. d6 Bh6 28. Qh4 Rc1+ 29. Nf1 1-0

[Event "SVK-chT1W 1516"]
[Site "Slovakia"]
[Date "2015.10.25"]
[Round "2.1"]
[White "Castiglione, Mario"]
[Black "Ondrus, Martin"]
[Result "1-0"]
[WhiteElo "2203"]
[BlackElo "2317"]
[PlyCount "55"]
[EventDate "2015.10.24"]
[EventType "team-tourn"]
[EventRounds "11"]
[EventCountry "SVK"]
[SourceTitle "CBM 170 Extra"]
[Source "ChessBase"]
[SourceDate "2016.02.25"]
[SourceVersion "1"]
[SourceVersionDate "2016.02.25"]
[SourceQuality "1"]
[WhiteTeam "Bratislava Slovan III"]
[BlackTeam "Nitra"]
[WhiteTeamCountry "SVK"]
[BlackTeamCountry "SVK"]

1. e4 c5 2. d4 cxd4 3. c3 Nf6 4. e5 Nd5 5. Nf3 Nc6 6. Bc4 Nb6 7. Bb3 d5 8. exd6 e6 9. Bg5 Qxd6 10. cxd4 Be7 11. h4 h6 12. Be3 Nd5 13. 0-0 0-0 14. Nbd2 b6 15. Nc4 Qd8 16. Rc1 Bb7 17. Qd2 b5 18. Nce5 Nxe5 19. dxe5 Nxe3 20. Qxe3 Rc8 21. Nd4 Qb6 22. Rxc8 Rxc8 23. Nxe6 Bxh4 24. Qf4 Qc6 25. Qg4 g5 26. Nd4 Qc5 27. e6 h5 28. exf7+ 1-0

[Event "SVK-chT 1415"]
[Site "Slovakia"]
[Date "2015.03.21"]
[Round "10.3"]
[White "Castiglione, Mario"]
[Black "Berezjuk, Sergej"]
[Result "0-1"]
[WhiteElo "2227"]
[BlackElo "2371"]
[PlyCount "108"]
[EventDate "2014.10.25"]
[EventType "team-tourn"]
[EventRounds "11"]
[EventCountry "SVK"]
[SourceTitle "EXT 2016"]
[Source "ChessBase"]
[SourceDate "2015.10.08"]
[SourceVersion "1"]
[SourceVersionDate "2015.10.08"]
[SourceQuality "1"]
[WhiteTeam "Bratislava Slovan II"]
[BlackTeam "Cadca"]
[WhiteTeamCountry "SVK"]
[BlackTeamCountry "SVK"]

1. Nf3 c5 2. c4 Nc6 3. Nc3 Nf6 4. e4 d6 5. h3 g6 6. g3 Bg7 7. Bg2 0-0 8. d3 Ne8 9. Be3 Nd4 10. Bxd4 cxd4 11. Nd5 e6 12. Nf4 Nc7 13. 0-0 Bd7 14. Re1 Bc6 15. b4 e5 16. Nd5 Ne6 17. a4 a5 18. b5 Bxd5 19. exd5 Nc5 20. Ra2 f5 21. h4 Bh6 22. Kh2 b6 23. Ng1 Ra7 24. Nh3 Raf7 25. h5 f4 26. hxg6 hxg6 27. Qg4 Rg7 28. Be4 Rf6 29. Kg2 Qf8 30. Qh4 Rh7 31. Rh1 fxg3 32. fxg3 Be3 33. Qg4 Rh6 34. Qe2 Kg7 35. Raa1 Qc8 36. g4 Nxe4 37. dxe4 g5 38. Raf1 Rh4 39. Rf5 Rxf5 40. exf5 Qh8 41. Qf3 Kf6 42. c5 bxc5 43. b6 Qb8 44. Rb1 Qb7 45. Rb5 Rh8 46. Nf2 Bxf2 47. Kxf2 d3 48. Rb1 c4 49. Qe4 c3 50. Qxd3 c2 51. Rc1 Qxb6+ 52. Kg3 Qb4 53. Qe3 Qxa4 54. Rf1 Qf4+ 0-1

[Event "SVK-chT 1415"]
[Site "Slovakia"]
[Date "2015.03.20"]
[Round "9.3"]
[White "Castiglione, Mario"]
[Black "Papp, Gabor"]
[Result "1/2-1/2"]
[WhiteElo "2227"]
[BlackElo "2559"]
[PlyCount "120"]
[EventDate "2014.10.25"]
[EventType "team-tourn"]
[EventRounds "11"]
[EventCountry "SVK"]
[SourceTitle "EXT 2016"]
[Source "ChessBase"]
[SourceDate "2015.10.08"]
[SourceVersion "1"]
[SourceVersionDate "2015.10.08"]
[SourceQuality "1"]
[WhiteTeam "Bratislava Slovan II"]
[BlackTeam "Bratislava Slovan"]
[WhiteTeamCountry "SVK"]
[BlackTeamCountry "SVK"]

1. e4 c5 2. d4 cxd4 3. c3 g6 4. Bc4 d3 5. Qb3 e6 6. Nf3 Nc6 7. Bxd3 Bg7 8. Bf4 d6 9. c4 Nge7 10. Nc3 0-0 11. 0-0 h6 12. Rfd1 g5 13. Be3 g4 14. Ne1 Nd4 15. Bxd4 Bxd4 16. Nb5 Nc6 17. Nxd4 Nxd4 18. Qc3 e5 19. Nc2 Nxc2 20. Bxc2 Be6 21. Qe3 Qg5 22. Rxd6 Qxe3 23. fxe3 Rfd8 24. c5 Kf8 25. Rad1 Rxd6 26. cxd6 Ke8 27. Ba4+ Kd8 28. Rc1 Rb8 29. Rc5 a6 30. Rxe5 b5 31. Bb3 Kd7 32. Rh5 Kxd6 33. Rxh6 Ke5 34. Bxe6 fxe6 35. Rg6 Rc8 36. Rxg4 Rc1+ 37. Kf2 Rc2+ 38. Kf3 Rxb2 39. a4 b4 40. Rg5+ Kd6 41. Ra5 b3 42. Rxa6+ Kc5 43. Rxe6 Ra2 44. Re5+ Kc4 45. Re8 Rxa4 46. Rc8+ Kd3 47. Rb8 Kc3 48. e5 b2 49. e6 Ra6 50. g4 Rxe6 51. g5 Re8 52. Rb6 Rf8+ 53. Kg4 Re8 54. Kf5 Rh8 55. Rc6+ Kd3 56. Rd6+ Kxe3 57. Rd1 Rxh2 58. g6 Ke2 59. Rb1 Kd3 60. g7 Rg2 1/2-1/2

[Event "SVK-chT 1415"]
[Site "Slovakia"]
[Date "2015.01.17"]
[Round "5.4"]
[White "Castiglione, Mario"]
[Black "Bokros, Albert"]
[Result "0-1"]
[WhiteElo "2227"]
[BlackElo "2484"]
[PlyCount "96"]
[EventDate "2014.10.25"]
[EventType "team-tourn"]
[EventRounds "11"]
[EventCountry "SVK"]
[SourceTitle "EXT 2016"]
[Source "ChessBase"]
[SourceDate "2015.10.08"]
[SourceVersion "1"]
[SourceVersionDate "2015.10.08"]
[SourceQuality "1"]
[WhiteTeam "Bratislava Slovan II"]
[BlackTeam "Dunajska Streda"]
[WhiteTeamCountry "SVK"]
[BlackTeamCountry "SVK"]

1. e4 c5 2. c4 b6 3. Nc3 Bb7 4. Nf3 e6 5. Bd3 d6 6. Bc2 Nd7 7. d4 cxd4 8. Qxd4 a6 9. Bg5 f6 10. Be3 Qc7 11. Ba4 Bc6 12. 0-0 Bxa4 13. Nxa4 Nc5 14. Nc3 Ne7 15. Rab1 Nc6 16. Qd2 Be7 17. Rfc1 Ne5 18. Nd4 Nxc4 19. Nxe6 Nxe6 20. Qd5 Kf7 21. Ne2 Nxe3 22. Qxe6+ Kxe6 23. Rxc7 Ng4 24. Nd4+ Kf7 25. Nf5 Rhe8 26. Nxd6+ Kg6 27. Nxe8 Rxe8 28. h3 Ne5 29. Rd1 Bc5 30. Kf1 a5 31. b3 Kh6 32. f3 g5 33. Rd5 Ra8 34. a4 Re8 35. Ke2 Ng6 36. g3 Nf8 37. Kf1 Kg6 38. Kg2 h5 39. Kf1 g4 40. hxg4 hxg4 41. fxg4 Rxe4 42. Rc8 Ne6 43. Rd7 Rxg4 44. Kg2 Rd4 45. Rg8+ Kf5 46. Rh7 Ng5 47. Rh5 Rd2+ 48. Kf1 Rd3 0-1

[Event "SVK-chT 1415"]
[Site "Slovakia"]
[Date "2014.11.22"]
[Round "3.5"]
[White "Plachetka, Jan"]
[Black "Castiglione, Mario"]
[Result "1-0"]
[WhiteElo "2363"]
[BlackElo "2227"]
[PlyCount "59"]
[EventDate "2014.10.25"]
[EventType "team-tourn"]
[EventRounds "11"]
[EventCountry "SVK"]
[SourceTitle "CBM 163 Extra"]
[Source "ChessBase"]
[SourceDate "2014.12.23"]
[SourceVersion "1"]
[SourceVersionDate "2014.12.23"]
[SourceQuality "1"]
[WhiteTeam "Liptov Chess School"]
[BlackTeam "Bratislava Slovan II"]
[WhiteTeamCountry "SVK"]
[BlackTeamCountry "SVK"]

1. d4 Nf6 2. c4 d6 3. Nf3 Bg4 4. Qb3 Qc8 5. h3 Bxf3 6. Qxf3 Nc6 7. e3 e5 8. d5 e4 9. Qd1 Ne5 10. Nc3 Be7 11. Qc2 Qf5 12. f4 Nd3+ 13. Bxd3 exd3 14. Qa4+ Kf8 15. g4 Nxg4 16. hxg4 Qxg4 17. Qd1 Qg2 18. Qh5 Bf6 19. Bd2 Re8 20. 0-0-0 Bxc3 21. bxc3 Qe4 22. Rdg1 h6 23. Qg4 g6 24. f5 gxf5 25. Qg7+ Ke7 26. Qd4 Reg8 27. Rf1 Re8 28. Rh4 Qxd4 29. cxd4 Reg8 30. Rxf5 1-0

[Event "SVK-chT 1415"]
[Site "Slovakia"]
[Date "2014.10.25"]
[Round "1.1"]
[White "Castiglione, Mario"]
[Black "Mikrut, Dariusz"]
[Result "1/2-1/2"]
[WhiteElo "2227"]
[BlackElo "2363"]
[PlyCount "120"]
[EventDate "2014.10.25"]
[EventType "team-tourn"]
[EventRounds "11"]
[EventCountry "SVK"]
[SourceTitle "CBM 163 Extra"]
[Source "ChessBase"]
[SourceDate "2014.12.23"]
[SourceVersion "1"]
[SourceVersionDate "2014.12.23"]
[SourceQuality "1"]
[WhiteTeam "Bratislava Slovan II"]
[BlackTeam "Prakovce"]
[WhiteTeamCountry "SVK"]
[BlackTeamCountry "SVK"]

1. d4 Nf6 2. g3 d5 3. Bg2 c6 4. Nf3 Bf5 5. 0-0 e6 6. Bf4 Nbd7 7. Nbd2 h6 8. c4 g5 9. Be5 Nxe5 10. Nxe5 Bg7 11. cxd5 exd5 12. e3 Nd7 13. f4 Nxe5 14. fxe5 Qd7 15. Qb3 0-0 16. Rf2 f6 17. Rxf5 Qxf5 18. e4 Qd7 19. exd5 cxd5 20. Bxd5+ Kh8 21. e6 Qc7 22. Qxb7 Qc2 23. Nb3 Rab8 24. Qxa7 Qxb2 25. e7 Rfe8 26. Re1 Qc3 27. Re2 Qd3 28. Qxb8 Qb1+ 29. Kg2 Rxb8 30. e8Q+ Rxe8 31. Rxe8+ Bf8 32. Rxf8+ Kg7 33. Rg8+ Kh7 34. Re8 Qc2+ 35. Kg1 Qb1+ 36. Kf2 Qf5+ 37. Bf3 g4 38. Nd2 gxf3 39. Nxf3 Qd3 40. Re2 Qc4 41. Rd2 Qd5 42. Nh4 Kg7 43. Ng2 Kf7 44. h4 Qa5 45. Re2 Qa7 46. Rd2 Qa5 47. Ke2 Qa6+ 48. Ke3 Qa3+ 49. Kf4 Qc3 50. Re2 Qxd4+ 51. Kf3 Qd3+ 52. Kf2 Qd4+ 53. Kf3 Qd5+ 54. Kf2 Qc5+ 55. Kf3 Qc6+ 56. Kf2 Kg6 57. Ne3 Qe4 58. Rc2 Qh1 59. Rc4 Qa8 60. a4 Qb7 1/2-1/2

[Event "SVK-chT 1314"]
[Site "Slovakia"]
[Date "2013.12.07"]
[Round "3.2"]
[White "Goga, Frantisek"]
[Black "Castiglione, Mario"]
[Result "1/2-1/2"]
[WhiteElo "1885"]
[BlackElo "2240"]
[PlyCount "30"]
[EventDate "2013.11.09"]
[EventType "team-tourn"]
[EventRounds "11"]
[EventCountry "SVK"]
[SourceTitle "CBM 157 Extra"]
[Source "ChessBase"]
[SourceDate "2013.12.19"]
[SourceVersion "1"]
[SourceVersionDate "2013.12.19"]
[SourceQuality "1"]
[WhiteTeam "Bratislava Doprastav"]
[BlackTeam "Bratislava Slovan"]
[WhiteTeamCountry "SVK"]
[BlackTeamCountry "SVK"]

1. e4 e5 2. Nf3 Nc6 3. d4 exd4 4. Bc4 Nf6 5. e5 d5 6. Bb5 Ne4 7. Nxd4 Bd7 8. Bxc6 bxc6 9. 0-0 Bc5 10. f3 Ng5 11. f4 Ne4 12. Be3 f6 13. Nd2 Nxd2 14. Qxd2 0-0 15. Nb3 Bb6 1/2-1/2